[Event "HUN-chT 2223"]
[Site "Hungary"]
[Date "2023.04.22"]
[Round "8.5"]
[White "Korpa, Bence"]
[Black "Geher, Koppany"]
[Result "1-0"]
[WhiteElo "2500"]
[BlackElo "2234"]
[PlyCount "89"]
[EventDate "2022.11.20"]
[EventType "team-tourn"]
[EventRounds "9"]
[EventCountry "HUN"]
[SourceTitle "EXT 2024"]
[Source "ChessBase"]
[SourceDate "2023.10.10"]
[SourceVersion "1"]
[SourceVersionDate "2023.10.10"]
[SourceQuality "1"]
[WhiteTeam "Ajka Sentimento"]
[BlackTeam "Budapest MTK"]
[WhiteTeamCountry "HUN"]
[BlackTeamCountry "HUN"]

1. Nf3 d5 2. g3 g6 3. Bg2 Bg7 4. 0-0 e5 5. d3 Ne7 6. c4 dxc4 7. dxc4 Qxd1 8. Rxd1 0-0 9. Nc3 c6 10. Rb1 Bf5 11. e4 Be6 12. b3 f6 13. Ba3 Kf7 14. Rd3 Na6 15. Rbd1 Rfe8 16. Nh4 Bf8 17. f4 exf4 18. gxf4 Ng8 19. Bxf8 Kxf8 20. f5 Bf7 21. fxg6 hxg6 22. Rg3 Ne7 23. Rd6 Kg7 24. Nf5+ Nxf5 25. exf5 g5 26. Ne4 Rad8 27. Rxd8 Rxd8 28. h4 Nb4 29. hxg5 fxg5 30. f6+ Kg6 31. Rxg5+ Kh6 32. Rg7 Rf8 33. Nf2 Be6 34. Rxb7 Nxa2 35. Ne4 Bf5 36. Kf2 a5 37. Ke3 Nb4 38. Kd4 Bxe4 39. Bxe4 Rxf6 40. Ra7 Kg5 41. Ke5 Rf8 42. Rxa5 Re8+ 43. Kd6+ Kf4 44. Bxc6 Re3 45. Ba4 1-0

[Event "HUN-ch U20"]
[Site "Budapest"]
[Date "2023.02.24"]
[Round "6"]
[White "Geher, Koppany"]
[Black "Szabo Toth, Gabor"]
[Result "1/2-1/2"]
[WhiteElo "2261"]
[BlackElo "2063"]
[PlyCount "146"]
[EventDate "2023.02.20"]
[EventType "swiss"]
[EventRounds "7"]
[EventCountry "HUN"]
[SourceTitle "CBM 212 Extra"]
[Source "ChessBase"]
[SourceDate "2023.03.31"]
[SourceVersion "1"]
[SourceVersionDate "2023.03.31"]
[SourceQuality "1"]

1. e4 c5 2. Nf3 e6 3. d4 cxd4 4. Nxd4 Nf6 5. Nc3 Nc6 6. Nxc6 bxc6 7. e5 Nd5 8. Ne4 Bb7 9. Be2 c5 10. 0-0 Qc7 11. Nd6+ Bxd6 12. exd6 Qc6 13. f3 c4 14. Qd4 0-0 15. Bxc4 Qxd6 16. b3 e5 17. Qf2 Qe7 18. Re1 Rfe8 19. Bb2 Qg5 20. Qg3 Qxg3 21. hxg3 Nb6 22. Bf1 e4 23. Kf2 Rac8 24. Rac1 Nd5 25. c4 Nc7 26. Bd4 Ne6 27. Be3 a5 28. Rcd1 Bc6 29. fxe4 Nf8 30. Bb6 Ra8 31. e5 Ne6 32. Be3 Reb8 33. Rb1 Re8 34. Bd3 Nc7 35. Bd2 Na6 36. a3 Nc5 37. Bc2 Ne6 38. Bc3 Nf8 39. Ra1 Ng6 40. b4 Rec8 41. Bd4 Bd5 42. c5 Rcb8 43. Bc3 Ne7 44. Bd3 Bc6 45. Bd2 Nd5 46. Rab1 axb4 47. axb4 Ra2 48. Re2 Bb5 49. Bxb5 Rxb5 50. Be1 Ra4 51. Reb2 Kf8 52. Ke2 Ke7 53. Bd2 Ke6 54. Kd3 h5 55. Kc4 Rb7 56. Rh1 g6 57. Rd1 Ra3 58. Rb3 Rxb3 59. Kxb3 Kxe5 60. Ra1 Kd4 61. Be1 Ke3 62. Kc4 Ke4 63. Bd2 Nc7 64. Rf1 Ne6 65. b5 Rc7 66. Bb4 d5+ 67. Kb3 Nxc5+ 68. Bxc5 Rxc5 69. Kb4 Rc2 70. Kb3 Rc7 71. Kb4 Rc2 72. Kb3 Rc7 73. Kb4 Rc2 1/2-1/2

[Event "HUN-ch U20"]
[Site "Budapest"]
[Date "2023.02.21"]
[Round "2"]
[White "Virag, Balint"]
[Black "Geher, Koppany"]
[Result "0-1"]
[WhiteElo "2167"]
[BlackElo "2261"]
[PlyCount "84"]
[EventDate "2023.02.20"]
[EventType "swiss"]
[EventRounds "7"]
[EventCountry "HUN"]
[SourceTitle "CBM 212 Extra"]
[Source "ChessBase"]
[SourceDate "2023.03.31"]
[SourceVersion "1"]
[SourceVersionDate "2023.03.31"]
[SourceQuality "1"]

1. e4 e6 2. d4 d5 3. Nd2 Be7 4. Ngf3 Nf6 5. e5 Nfd7 6. Bd3 c5 7. c3 b6 8. a4 a5 9. Bb5 Ba6 10. 0-0 0-0 11. Re1 Qc8 12. Nb1 Nc6 13. Qe2 Bxb5 14. axb5 Na7 15. b3 Qc7 16. Bg5 Qd8 17. Bxe7 Qxe7 18. Ra4 Rfc8 19. Na3 Rc7 20. Qb2 Rac8 21. h3 Nf8 22. Ra1 Qd7 23. Qe2 Ng6 24. Kh2 Rd8 25. Ne1 Nc8 26. Nac2 Nce7 27. Ne3 Rdc8 28. g3 h6 29. h4 Nf8 30. Kg2 Nf5 31. Nxf5 exf5 32. R1a2 Ne6 33. Rb2 g6 34. Nc2 Kg7 35. Ne3 cxd4 36. cxd4 f4 37. Ng4 Rc3 38. Nf6 fxg3 39. Qd2 Qxb5 40. fxg3 Rd3 41. Qf2 Rcc3 42. Ra1 Rxg3+ 0-1

[Event "HUN-chT 2223"]
[Site "Hungary"]
[Date "2023.02.19"]
[Round "6.4"]
[White "Geher, Koppany"]
[Black "Nagy, Gabor"]
[Result "1/2-1/2"]
[WhiteElo "2234"]
[BlackElo "2482"]
[PlyCount "68"]
[EventDate "2022.11.20"]
[EventType "team-tourn"]
[EventRounds "9"]
[EventCountry "HUN"]
[SourceTitle "CBM 213 Extra"]
[Source "ChessBase"]
[SourceDate "2023.05.31"]
[SourceVersion "1"]
[SourceVersionDate "2023.05.31"]
[SourceQuality "1"]
[WhiteTeam "Budapest MTK"]
[BlackTeam "Kobanya Aquarena"]
[WhiteTeamCountry "HUN"]
[BlackTeamCountry "HUN"]

1. e4 e5 2. Nf3 Nc6 3. Bb5 Nge7 4. 0-0 g6 5. d4 exd4 6. c3 d3 7. Bg5 Bg7 8. Qxd3 h6 9. Bh4 0-0 10. Na3 d6 11. Rfe1 g5 12. Bg3 f5 13. exf5 Bxf5 14. Qd2 a6 15. Ba4 Kh8 16. Nc2 b5 17. Bb3 Na5 18. Be6 Bxe6 19. Rxe6 Nc4 20. Qe2 Nf5 21. b3 Nb6 22. Ncd4 Nxd4 23. cxd4 Re8 24. Re1 Rxe6 25. Qxe6 Qg8 26. Qg4 Nd5 27. h4 Nf6 28. Qf5 g4 29. Nd2 Re8 30. Rxe8 Qxe8 31. Nf1 Qd7 32. Qg6 Qe8 33. Qf5 Qd7 34. Qg6 Qe8 1/2-1/2

[Event "HUN-chT 2223"]
[Site "Hungary"]
[Date "2023.02.12"]
[Round "5.4"]
[White "Bokros, Albert"]
[Black "Geher, Koppany"]
[Result "1-0"]
[WhiteElo "2456"]
[BlackElo "2234"]
[PlyCount "89"]
[EventDate "2022.11.20"]
[EventType "team-tourn"]
[EventRounds "9"]
[EventCountry "HUN"]
[SourceTitle "CBM 213 Extra"]
[Source "ChessBase"]
[SourceDate "2023.05.31"]
[SourceVersion "1"]
[SourceVersionDate "2023.05.31"]
[SourceQuality "1"]
[WhiteTeam "Biatorbagy"]
[BlackTeam "Budapest MTK"]
[WhiteTeamCountry "HUN"]
[BlackTeamCountry "HUN"]

1. e4 c5 2. Nf3 e6 3. d3 d5 4. Qe2 Be7 5. g3 Nf6 6. Bg2 0-0 7. 0-0 b5 8. Re1 Nc6 9. c3 Bb7 10. Bf4 Qb6 11. Nbd2 Rfc8 12. Rad1 Qd8 13. h4 a5 14. exd5 Nxd5 15. Bg5 h6 16. Bxe7 Qxe7 17. Ne4 Rd8 18. c4 bxc4 19. dxc4 Nf6 20. Nc3 Rxd1 21. Rxd1 Rd8 22. Nb5 Ba6 23. Rxd8+ Qxd8 24. Qd2 Qd7 25. a4 Qe7 26. Qd6 Qxd6 27. Nxd6 Nd7 28. Nd2 Nb4 29. Bb7 Nb6 30. b3 Kf8 31. Bxa6 Nxa6 32. Nb7 Ke7 33. Ne4 Nd7 34. Nxa5 Ne5 35. f4 Nf3+ 36. Kf2 Nd4 37. Ke3 f5 38. Nxc5 Nc2+ 39. Kd2 Nxc5 40. Kxc2 Ne4 41. Nc6+ Kd6 42. Ne5 Nxg3 43. a5 Ne4 44. b4 Kc7 45. Ng6 1-0

[Event "HUN-chT 2223"]
[Site "Hungary"]
[Date "2022.12.04"]
[Round "2.5"]
[White "Geher, Koppany"]
[Black "Flumbort, Andras"]
[Result "1-0"]
[WhiteElo "2234"]
[BlackElo "2457"]
[PlyCount "93"]
[EventDate "2022.11.20"]
[EventType "team-tourn"]
[EventRounds "9"]
[EventCountry "HUN"]
[SourceTitle "CBM 211 Extra"]
[Source "ChessBase"]
[SourceDate "2023.01.31"]
[SourceVersion "1"]
[SourceVersionDate "2023.01.31"]
[SourceQuality "1"]
[WhiteTeam "Budapest MTK"]
[BlackTeam "Dunaharaszti"]
[WhiteTeamCountry "HUN"]
[BlackTeamCountry "HUN"]

1. e4 c5 2. Nf3 e6 3. d4 cxd4 4. Nxd4 Nc6 5. Nc3 Qc7 6. Be3 a6 7. a3 Nf6 8. f4 d6 9. Qf3 Be7 10. 0-0-0 0-0 11. Nxc6 bxc6 12. g4 Rb8 13. g5 Nd7 14. h4 Qb7 15. Na4 c5 16. b3 Nb6 17. Nxb6 Qxb6 18. Bc4 Qa5 19. Kb2 Bb7 20. Bd2 Qb6 21. Bc3 d5 22. exd5 exd5 23. Rxd5 Bxd5 24. Qxd5 Qd6 25. Qxd6 Bxd6 26. f5 Rfe8 27. g6 hxg6 28. fxg6 Re4 29. Bxf7+ Kh8 30. Rd1 Be5 31. Bxe5 Rxe5 32. Rd5 Rxd5 33. Bxd5 Rd8 34. c4 a5 35. b4 cxb4 36. axb4 axb4 37. Kb3 Rc8 38. h5 Rc7 39. Bf3 Kg8 40. Kxb4 Kf8 41. Bd5 Re7 42. Kc5 Re5 43. Kd6 Rxh5 44. c5 Rg5 45. Bf7 Rg1 46. c6 Rd1+ 47. Bd5 1-0

[Event "HUN-chT U18"]
[Site "Budapest"]
[Date "2021.10.24"]
[Round "1.3"]
[White "Geher, Koppany"]
[Black "Thierry, Edvard"]
[Result "1-0"]
[WhiteElo "2280"]
[BlackElo "1672"]
[PlyCount "67"]
[EventDate "2021.10.24"]
[EventType "team-tourn"]
[EventRounds "7"]
[EventCountry "HUN"]
[SourceTitle "CBM 205 Extra"]
[Source "ChessBase"]
[SourceDate "2022.01.31"]
[SourceVersion "1"]
[SourceVersionDate "2022.01.31"]
[SourceQuality "1"]

1. e4 e6 2. d4 d5 3. Nd2 Nf6 4. e5 Nfd7 5. f4 c5 6. c3 Nc6 7. Ndf3 Qb6 8. g3 cxd4 9. cxd4 f6 10. Bd3 Bb4+ 11. Kf1 0-0 12. Kg2 fxe5 13. fxe5 Be7 14. Ne2 Kh8 15. Rf1 Qd8 16. h4 Nb6 17. a3 Bd7 18. Qc2 Rc8 19. Qb1 h6 20. Nf4 Rxf4 21. Bxf4 Na5 22. Qd1 Nac4 23. Bc1 Be8 24. b3 Na5 25. Bd2 Nc6 26. Be3 Bh5 27. Qd2 Bf8 28. Nh2 Ne7 29. Rf2 Bg6 30. Bxg6 Nxg6 31. Raf1 Nd7 32. Ng4 Nxh4+ 33. gxh4 Qxh4 34. Qe2 1-0

[Event "HUN-ch U18"]
[Site "Eger"]
[Date "2021.08.26"]
[Round "6"]
[White "Geher, Koppany"]
[Black "Pribelszky, Bence"]
[Result "1/2-1/2"]
[WhiteElo "2259"]
[BlackElo "2351"]
[PlyCount "88"]
[EventDate "2021.08.20"]
[EventType "swiss"]
[EventRounds "7"]
[EventCountry "HUN"]
[SourceTitle "EXT 2022"]
[Source "ChessBase"]
[SourceDate "2021.10.06"]
[SourceVersion "1"]
[SourceVersionDate "2021.10.06"]
[SourceQuality "1"]

1. e4 g6 2. d4 Bg7 3. Nc3 a6 4. f4 b5 5. Nf3 Bb7 6. Bd3 d6 7. e5 Nh6 8. 0-0 0-0 9. Ne4 Nd7 10. Qe2 e6 11. a4 Nf5 12. c3 Nb6 13. axb5 axb5 14. Rxa8 Qxa8 15. Nf6+ Bxf6 16. exf6 h5 17. Ng5 Qd8 18. Bxb5 Qxf6 19. Ne4 Qh8 20. Bd3 Nd7 21. Bd2 Nf6 22. Ng5 Kg7 23. Bxf5 gxf5 24. c4 Ne4 25. Bc3 Re8 26. Nxe4 Bxe4 27. d5+ e5 28. fxe5 dxe5 29. Qe3 f6 30. Qc5 Qg8 31. Qxc7+ Kh8 32. g3 h4 33. Qb6 Qg5 34. Kf2 hxg3+ 35. hxg3 f4 36. gxf4 Qxf4+ 37. Ke1 Qc1+ 38. Kf2 Qf4+ 39. Ke1 Bf3 40. Bd2 Qe4+ 41. Qe3 Qh4+ 42. Qf2 Qe4+ 43. Qe3 Qh4+ 44. Qf2 Qe4+ 1/2-1/2

[Event "HUN-ch U18"]
[Site "Eger"]
[Date "2021.08.26"]
[Round "5"]
[White "Palczert, Matyas"]
[Black "Geher, Koppany"]
[Result "1/2-1/2"]
[WhiteElo "2195"]
[BlackElo "2259"]
[PlyCount "114"]
[EventDate "2021.08.20"]
[EventType "swiss"]
[EventRounds "7"]
[EventCountry "HUN"]
[SourceTitle "EXT 2022"]
[Source "ChessBase"]
[SourceDate "2021.10.06"]
[SourceVersion "1"]
[SourceVersionDate "2021.10.06"]
[SourceQuality "1"]

1. e4 e6 2. d4 d5 3. exd5 exd5 4. Nf3 Bd6 5. c4 Nf6 6. Nc3 0-0 7. cxd5 h6 8. Bc4 Re8+ 9. Kf1 Nbd7 10. h3 Nb6 11. Bb3 Bf5 12. Be3 Ne4 13. Qc1 Qf6 14. Kg1 a6 15. a4 Rad8 16. a5 Nd7 17. Bf4 Nxc3 18. bxc3 Be4 19. Bxd6 Qxd6 20. Qd1 Bxd5 21. Bxd5 Qxd5 22. Kh2 c5 23. Re1 Rxe1 24. Qxe1 Nb8 25. Qe3 cxd4 26. Nxd4 Nc6 27. Nxc6 Qxc6 28. Rb1 Rc8 29. c4 Rc7 30. Qd4 Qxc4 31. Qxc4 Rxc4 32. Rxb7 Rc5 33. Rb8+ Kh7 34. Rb7 f6 35. Ra7 Rxa5 36. g4 Kg6 37. f4 f5 38. Kg3 Ra3+ 39. Kg2 Kf6 40. Kh2 g5 41. fxg5+ hxg5 42. gxf5 Kxf5 43. Kg2 a5 44. Rf7+ Ke4 45. Re7+ Kf4 46. Rf7+ Ke5 47. Re7+ Kf6 48. Ra7 a4 49. Ra5 Kg6 50. Kh2 Kh5 51. Ra8 Ra1 52. Kg2 Kg6 53. Ra5 a3 54. Kh2 Kf6 55. Kg2 Kg6 56. Kh2 Kf6 57. Kg2 Kg6 1/2-1/2

[Event "HUN-ch Rapid"]
[Site "Ajka"]
[Date "2021.07.16"]
[Round "1"]
[White "Geher, Koppany"]
[Black "Papp, Gabor"]
[Result "0-1"]
[WhiteElo "2277"]
[BlackElo "2599"]
[PlyCount "88"]
[EventDate "2021.07.16"]
[EventType "swiss (rapid)"]
[EventRounds "13"]
[EventCountry "HUN"]
[SourceTitle "CBM 203 Extra"]
[Source "ChessBase"]
[SourceDate "2021.09.30"]
[SourceVersion "1"]
[SourceVersionDate "2021.09.30"]
[SourceQuality "1"]

1. e4 g6 2. d4 Bg7 3. Nf3 d6 4. Be2 Nf6 5. Nc3 c6 6. a4 0-0 7. 0-0 Nbd7 8. h3 e5 9. dxe5 dxe5 10. Be3 Qe7 11. Nd2 Nc5 12. Bf3 Rd8 13. a5 Ne6 14. g3 h5 15. Bg2 h4 16. Ne2 Nh5 17. c3 Rd3 18. g4 Nhf4 19. Bxf4 exf4 20. Qc2 Rd8 21. Nf3 Bd7 22. Rfd1 c5 23. c4 Bc6 24. Nc3 Bxc3 25. bxc3 Rxd1+ 26. Rxd1 Rd8 27. Ne5 Rxd1+ 28. Qxd1 Ng5 29. Nxc6 bxc6 30. f3 Qc7 31. Qa1 Qd6 32. Qc1 Kg7 33. Kh2 Ne6 34. Qc2 Qd8 35. Qa4 Qd2 36. Qxc6 Qxc3 37. Qd5 Qxa5 38. Qe5+ Kg8 39. Qb8+ Kh7 40. Qe5 Qd8 41. Qd5 a5 42. Qc6 Kg7 43. Qb5 Qd2 44. Qb8 Qc3 0-1

[Event "Budapest FS06 IM"]
[Site "Budapest"]
[Date "2021.06.06"]
[Round "2"]
[White "Geher, Koppany"]
[Black "Pogany, Zsombor"]
[Result "1/2-1/2"]
[WhiteElo "2291"]
[BlackElo "2259"]
[PlyCount "85"]
[EventDate "2021.06.05"]
[EventType "tourn"]
[EventRounds "9"]
[EventCountry "HUN"]
[EventCategory "2"]
[SourceTitle "CBM 202 Extra"]
[Source "ChessBase"]
[SourceDate "2021.07.31"]
[SourceVersion "1"]
[SourceVersionDate "2021.07.31"]
[SourceQuality "1"]

1. e4 c5 2. Nf3 Nf6 3. Nc3 d5 4. e5 Nfd7 5. e6 fxe6 6. d4 g6 7. h4 Bg7 8. h5 gxh5 9. Ne5 Nxe5 10. dxe5 Kd7 11. Rxh5 Nc6 12. Bf4 Kc7 13. Qg4 Qf8 14. 0-0-0 b6 15. g3 a6 16. Bg2 Kb7 17. Kb1 h6 18. a3 Ra7 19. Ka2 Ka8 20. Na4 Rb7 21. c4 Ka7 22. cxd5 exd5 23. e6 Qf6 24. Bxd5 b5 25. Nc3 b4 26. Qe2 bxc3 27. b3 Bxe6 28. Bxe6 c2 29. Qxc2 Qxe6 30. Qxc5+ Ka8 31. Rhd5 Qe2+ 32. R1d2 Qb5 33. Qc2 Qb6 34. Be3 Qc7 35. Rc5 Rc8 36. Rd1 Rb5 37. Rc4 Kb7 38. Rc1 Qd7 39. Qe4 Qd5 40. Qg4 Qe5 41. Bd4 Qxd4 42. Rxd4 Bxd4 43. Rxc6 1/2-1/2

[Event "Budapest FS04 GM"]
[Site "Budapest"]
[Date "2021.04.12"]
[Round "8"]
[White "Geher, Koppany"]
[Black "Pacher, Milan"]
[Result "0-1"]
[WhiteElo "2295"]
[BlackElo "2435"]
[PlyCount "96"]
[EventDate "2021.04.03"]
[EventType "tourn"]
[EventRounds "9"]
[EventCountry "HUN"]
[EventCategory "6"]
[SourceTitle "CBM 201 Extra"]
[Source "ChessBase"]
[SourceDate "2021.05.31"]
[SourceVersion "1"]
[SourceVersionDate "2021.05.31"]
[SourceQuality "1"]

1. e4 c5 2. Nf3 e6 3. d4 cxd4 4. Nxd4 Nc6 5. Nc3 Qc7 6. Be3 a6 7. a3 b5 8. Nxc6 Qxc6 9. Be2 Bb7 10. 0-0 Bc5 11. Bd4 Nf6 12. Bf3 0-0 13. Bxf6 gxf6 14. e5 Qc7 15. exf6 Kh8 16. Be4 d5 17. Bxh7 Qe5 18. Bd3 Qg5 19. Qf3 Qh6 20. Ne2 Rg8 21. Ng3 Rg5 22. c3 Rag8 23. b4 Bb6 24. a4 Rg4 25. Rae1 Rh4 26. Re5 Rxh2 27. Rh5 Rxh5 28. Qxh5 Qxh5 29. Nxh5 d4 30. Ng3 dxc3 31. Be4 Rxg3 32. Bxb7 bxa4 33. Rc1 Bd4 34. Bxa6 Rg6 35. Kf1 Rxf6 36. f3 e5 37. Bd3 Rh6 38. Ke1 Kg7 39. Kd1 Kf6 40. Kc2 Rh2 41. Bf1 Ke7 42. Kb1 f5 43. b5 Kd6 44. b6 Kc6 45. Bd3 Rxg2 46. Rc2 Rg1+ 47. Ka2 e4 48. fxe4 f4 0-1

[Event "Budapest FS04 GM"]
[Site "Budapest"]
[Date "2021.04.10"]
[Round "7"]
[White "Souhardo, Basak"]
[Black "Geher, Koppany"]
[Result "1/2-1/2"]
[WhiteElo "2349"]
[BlackElo "2295"]
[PlyCount "75"]
[EventDate "2021.04.03"]
[EventType "tourn"]
[EventRounds "9"]
[EventCountry "HUN"]
[EventCategory "6"]
[SourceTitle "CBM 201 Extra"]
[Source "ChessBase"]
[SourceDate "2021.05.31"]
[SourceVersion "1"]
[SourceVersionDate "2021.05.31"]
[SourceQuality "1"]

1. e4 e6 2. d4 d5 3. Nd2 c5 4. exd5 exd5 5. Ngf3 Nc6 6. Bb5 Qe7+ 7. Be2 Qc7 8. 0-0 Nf6 9. dxc5 Bxc5 10. Nb3 Be7 11. Nfd4 0-0 12. c3 Re8 13. Bf3 a6 14. Re1 h6 15. g3 Bd7 16. Bf4 Bd6 17. Bxd6 Rxe1+ 18. Qxe1 Qxd6 19. Nxc6 bxc6 20. Qd2 Bf5 21. Re1 Rb8 22. Qd4 Nd7 23. Re2 Be6 24. Kg2 c5 25. Qf4 Qxf4 26. gxf4 g6 27. Rd2 c4 28. Na5 Rb5 29. Nc6 Kf8 30. Nb4 Nc5 31. Bxd5 a5 32. Nc6 Nd3 33. Bxe6 Nxf4+ 34. Kf3 Nxe6 35. Ke3 Rc5 36. Nd8 Ke7 37. Nxe6 Kxe6 38. Rd4 1/2-1/2

[Event "Budapest FS04 GM"]
[Site "Budapest"]
[Date "2021.04.03"]
[Round "1"]
[White "Csiki, Endre"]
[Black "Geher, Koppany"]
[Result "1/2-1/2"]
[WhiteElo "2310"]
[BlackElo "2295"]
[PlyCount "122"]
[EventDate "2021.04.03"]
[EventType "tourn"]
[EventRounds "9"]
[EventCountry "HUN"]
[EventCategory "6"]
[SourceTitle "CBM 201 Extra"]
[Source "ChessBase"]
[SourceDate "2021.05.31"]
[SourceVersion "1"]
[SourceVersionDate "2021.05.31"]
[SourceQuality "1"]

1. e4 c5 2. Nf3 e6 3. g3 Nc6 4. Bg2 d6 5. 0-0 Nf6 6. Qe2 Be7 7. c3 0-0 8. d4 cxd4 9. cxd4 d5 10. e5 Ne4 11. Nbd2 Nxd2 12. Bxd2 Qb6 13. Be3 Bd7 14. Rfc1 Rfc8 15. h4 a5 16. Ne1 a4 17. Nd3 Nb4 18. Nc5 Bb5 19. Qd2 Bxc5 20. Rxc5 Rxc5 21. dxc5 Qa5 22. Bd4 Nc6 23. Qe3 Nxd4 24. Qxd4 Bc4 25. f4 g6 26. Bf1 Bxf1 27. Rxf1 Rc8 28. Rc1 Qb5 29. Qc3 Rc6 30. b4 axb3 31. axb3 h5 32. b4 Ra6 33. Qd2 Ra3 34. Kh2 Qa4 35. Rb1 Ra2 36. Rb2 Rxb2 37. Qxb2 Qb5 38. Qa3 Kg7 39. Qb2 Qc4 40. f5 gxf5 41. Qd2 f6 42. exf6+ Kxf6 43. Qg5+ Ke5 44. b5 Qe2+ 45. Kg1 Qe1+ 46. Kh2 Qe2+ 47. Kg1 Qxb5 48. Qf4+ Kf6 49. Qg5+ Ke5 50. Qf4+ Kf6 51. Qg5+ Kf7 52. Qxh5+ Ke7 53. Qg5+ Kd7 54. Qg7+ Kc6 55. Qe7 Qe2 56. Qd6+ Kb5 57. Qb6+ Kc4 58. c6 Qe1+ 59. Kh2 Qe2+ 60. Kg1 Qe1+ 61. Kh2 Qe2+ 1/2-1/2

[Event "Hello Sakk Cup Fischer"]
[Site "Tornelo INT"]
[Date "2021.03.21"]
[Round "7"]
[White "Geher, Koppany"]
[Black "Krstulovic, Alex"]
[Result "1/2-1/2"]
[WhiteElo "2295"]
[BlackElo "2347"]
[PlyCount "51"]
[EventDate "2021.03.20"]
[EventType "tourn (rapid)"]
[EventRounds "7"]
[EventCountry "HUN"]
[EventCategory "2"]
[SourceTitle "CBM 201 Extra"]
[Source "ChessBase"]
[SourceDate "2021.05.31"]
[SourceVersion "1"]
[SourceVersionDate "2021.05.31"]
[SourceQuality "1"]

1. e4 c6 2. Nf3 d5 3. d3 g6 4. e5 c5 5. c3 Nc6 6. Be2 Bg4 7. Nbd2 Bg7 8. d4 Qb6 9. 0-0 e6 10. h3 Bxf3 11. Nxf3 Nge7 12. Bd3 0-0 13. Bc2 Rac8 14. a3 Qc7 15. Bd3 Qb6 16. Bc2 Qc7 17. Bb1 b5 18. b4 cxd4 19. cxd4 a5 20. Qb3 axb4 21. axb4 Nxd4 22. Nxd4 Qxc1 23. Rxc1 Rxc1+ 24. Kh2 Bxe5+ 25. g3 Bxd4 26. Ra2 1/2-1/2

[Event "Hello Sakk Cup Fischer"]
[Site "Tornelo INT"]
[Date "2021.03.20"]
[Round "3"]
[White "Geher, Koppany"]
[Black "Konyves, Almos"]
[Result "1-0"]
[WhiteElo "2295"]
[BlackElo "2120"]
[PlyCount "63"]
[EventDate "2021.03.20"]
[EventType "tourn (rapid)"]
[EventRounds "7"]
[EventCountry "HUN"]
[EventCategory "2"]
[SourceTitle "CBM 201 Extra"]
[Source "ChessBase"]
[SourceDate "2021.05.31"]
[SourceVersion "1"]
[SourceVersionDate "2021.05.31"]
[SourceQuality "1"]

1. e4 c5 2. Nf3 Nc6 3. d4 cxd4 4. Nxd4 Nf6 5. Nc3 d6 6. Bg5 e6 7. Qd2 a6 8. 0-0-0 Bd7 9. f4 h6 10. Bh4 Be7 11. Nf3 Qc7 12. Kb1 Rc8 13. g4 Nxg4 14. Bxe7 Nxe7 15. Rg1 e5 16. fxe5 Nxe5 17. Nxe5 dxe5 18. Rxg7 Be6 19. Qf2 Rd8 20. Bd3 Rd6 21. Qg3 Ng6 22. Nd5 Bxd5 23. exd5 e4 24. Bxe4 Kf8 25. Rxg6 fxg6 26. Qe5 Rh7 27. Rf1+ Rf7 28. Qh8+ Ke7 29. Rxf7+ Kxf7 30. Qh7+ Kf6 31. Qxc7 Ke5 32. Qe7+ 1-0

[Event "Hello Sakk Cup Fischer"]
[Site "Tornelo INT"]
[Date "2021.03.20"]
[Round "2"]
[White "Karacsonyi, Gellert"]
[Black "Geher, Koppany"]
[Result "1-0"]
[WhiteElo "2321"]
[BlackElo "2295"]
[PlyCount "69"]
[EventDate "2021.03.20"]
[EventType "tourn (rapid)"]
[EventRounds "7"]
[EventCountry "HUN"]
[EventCategory "2"]
[SourceTitle "CBM 201 Extra"]
[Source "ChessBase"]
[SourceDate "2021.05.31"]
[SourceVersion "1"]
[SourceVersionDate "2021.05.31"]
[SourceQuality "1"]

1. e4 c5 2. Nf3 e6 3. d4 cxd4 4. Nxd4 Nc6 5. Nc3 Nf6 6. Ndb5 Bb4 7. a3 Bxc3+ 8. Nxc3 d5 9. exd5 exd5 10. Bd3 0-0 11. 0-0 d4 12. Ne2 Bg4 13. Bg5 h6 14. Bh4 Bxe2 15. Qxe2 Re8 16. Qf3 Ne5 17. Qxb7 Nxd3 18. cxd3 Qd5 19. Qa6 Re6 20. Qc4 Rc6 21. Qa4 Nd7 22. Rac1 Re6 23. Qc4 Nb6 24. Qxd5 Nxd5 25. Bg3 f5 26. Rc4 f4 27. Rxd4 fxg3 28. Rxd5 gxh2+ 29. Kxh2 Re2 30. b4 a5 31. b5 a4 32. Rb1 Ra2 33. b6 Rb8 34. b7 Rc2 35. Ra5 1-0

[Event "Hello Sakk Cup Alekhine"]
[Site "Tornelo INT"]
[Date "2021.02.20"]
[Round "1"]
[White "Borhy, Marcell Boldizsar"]
[Black "Geher, Koppany"]
[Result "1-0"]
[WhiteElo "2392"]
[BlackElo "2298"]
[PlyCount "75"]
[EventDate "2021.02.20"]
[EventType "tourn (rapid)"]
[EventRounds "7"]
[EventCountry "HUN"]
[SourceTitle "CBM 200 Extra"]
[Source "ChessBase"]
[SourceDate "2021.03.31"]
[SourceVersion "1"]
[SourceVersionDate "2021.03.31"]
[SourceQuality "1"]

1. d4 Nf6 2. c4 g6 3. g3 c6 4. Bg2 d5 5. Qa4 Bg7 6. cxd5 Nxd5 7. Nf3 0-0 8. 0-0 Bg4 9. e3 Nb6 10. Qc2 Na6 11. h3 Be6 12. Rd1 Qc8 13. Ng5 Bd7 14. Kh2 h6 15. Ne4 Bf5 16. Nbc3 c5 17. Qe2 cxd4 18. exd4 Re8 19. Be3 Nc4 20. Rac1 Nxe3 21. fxe3 Qd7 22. Nf2 g5 23. Qb5 Rab8 24. Qa5 Bg6 25. Nb5 Rbc8 26. Nxa7 Rxc1 27. Rxc1 e5 28. d5 e4 29. Rd1 Qf5 30. Rd2 h5 31. Qb5 Nc7 32. Qxb7 Be5 33. d6 h4 34. Ng4 hxg3+ 35. Kg1 Ne6 36. Nc6 Kh8 37. Ncxe5 Rd8 38. Bxe4 1-0

[Event "Hello Sakk Cup Alekhine"]
[Site "Tornelo INT"]
[Date "2021.02.20"]
[Round "4"]
[White "Geher, Koppany"]
[Black "Bokorovics, Bertalan"]
[Result "1-0"]
[WhiteElo "2298"]
[BlackElo "2130"]
[PlyCount "103"]
[EventDate "2021.02.20"]
[EventType "tourn (rapid)"]
[EventRounds "7"]
[EventCountry "HUN"]
[SourceTitle "CBM 200 Extra"]
[Source "ChessBase"]
[SourceDate "2021.03.31"]
[SourceVersion "1"]
[SourceVersionDate "2021.03.31"]
[SourceQuality "1"]

1. e4 c5 2. Nf3 e6 3. d4 cxd4 4. Nxd4 a6 5. c4 Nf6 6. Nc3 Qc7 7. a3 b6 8. Be3 Bb7 9. f3 Nc6 10. Be2 Nxd4 11. Bxd4 Bd6 12. g3 h5 13. Qd2 h4 14. 0-0-0 hxg3 15. hxg3 Rxh1 16. Rxh1 Bxg3 17. Kb1 Bf4 18. Bxb6 Bxd2 19. Bxc7 Ke7 20. Kc2 Be3 21. b4 Rc8 22. Bg3 g5 23. Kb3 Rg8 24. Rd1 Bf4 25. Bxf4 gxf4 26. c5 Rd8 27. Rd6 Ra8 28. Rb6 Bc8 29. a4 Kd8 30. b5 axb5 31. Nxb5 Ne8 32. Kb4 Ba6 33. Bc4 Bc8 34. a5 Nc7 35. Nxc7 Kxc7 36. a6 f6 37. Ka5 Ra7 38. Bb5 Ra8 39. Bf1 Ra7 40. Be2 Ra8 41. Bd3 Ra7 42. e5 f5 43. Bb5 Ra8 44. Rd6 Ra7 45. Rb6 Ra8 46. Rd6 Ra7 47. c6 dxc6 48. Rxc6+ Kb8 49. Kb6 Rg7 50. a7+ Rxa7 51. Rxc8+ Kxc8 52. Kxa7 1-0